Countries Whose Capital Starts With The Letter After - Statistics

General Stats
  • This quiz has been taken 15 times
  • The average score is 8 of 22
Answer Stats
Answer % Correct
Argentina
100%
Buenos Aires
73%
Norway
73%
Azerbaijan
64%
Oslo
55%
Baku
45%
Indonesia
45%
Israel
45%
Jamaica
45%
Mauritania
45%
Jerusalem
27%
Kingston
27%
Lesotho
27%
Nouakchott
27%
Benin
18%
Jakarta
18%
Liberia
18%
Maseru
18%
Myanmar
18%
Naypyidaw
18%
Cotonou
9%
Monrovia
9%
No matching quizzes found
Score Distribution
Percent of People with Each Score
Percentile by Number Answered
Your Score History
You have not taken this quiz